01262nam a22003377a 450000100060000000300090000600500170001500700030003200800350003502000150007004000300008508200250011510000310014024501080017126400300027930000440030933600270035333700350038033800300041549000520044550000350049750400330053259000260056560000420059165100470063370000450068091000410072594200120076695201310077899900150090900260DO-SdBPM20251104124756.0ta151112b1988 sp |||| 00| 0 spa d a8420738158 aDO-SdBPMbspacBPMSUerda 4a980.2bZ36c 19882221 4Zaragoza, Gonzalo.eautor 10aColón y el descubrimiento /cGonzalo Zaragoza ; coordinación científica Joaquín Prats i Cuevas. aMadrid : bAnaya, c1988. a95 páginas bilustraciones ; c19 cm. atextobtxt2rdacontent asin mediación bn2rdamedia  avolumen bnc2rdacarrier 0 aBiblioteca básica de historia ;aMonografía aIncluye índice alfabético  aBibliografía : página 95 aInventariado, 2025/VM17aColón, Cristóbal, d1451-1506.  7aAméricaxDescubrimiento y exploraciones.1 aPrats i Cuevas, Joaquín,ecoordinador  aVMateo V. Control de calidad. BPMSU  2ddccBK 00102ddc708CDaBPMETbBPMETd2015-11-12eDonaciónl0oBPMSU CD 980.2 Z36c 1988pBPMSU15110221r2015-11-12w2015-11-12yBK c8671d8671